Politics of violence: studies with reference to West Bengal (Record no. 18226)

MARC details
000 -LEADER
fixed length control field 00422nam a2200145Ia 4500
082 ## - DEWEY DECIMAL CLASSIFICATION NUMBER
Classification number TB.0078
100 ## - MAIN ENTRY--AUTHOR NAME
Personal name Basu, Sajal Kumar
245 #0 - TITLE STATEMENT
Title Politics of violence: studies with reference to West Bengal
260 ## - PUBLICATION, DISTRIBUTION, ETC. (IMPRINT)
Year of publication 1976
Name of publisher University of Calcutta
300 ## - PHYSICAL DESCRIPTION
Number of Pages 283
650 ## - SUBJECT ADDED ENTRY--TOPICAL TERM
Topical Term Violence
Form subdivision Political aspects
Geographic subdivision West bengal
650 ## - SUBJECT ADDED ENTRY--TOPICAL TERM
Topical Term Naxalite movement
650 ## - SUBJECT ADDED ENTRY--TOPICAL TERM
Topical Term West bengal
Form subdivision Politics and government
942 ## - ADDED ENTRY ELEMENTS (KOHA)
Koha item type Thesis
Source of classification or shelving scheme Dewey Decimal Classification
Holdings
Withdrawn status Lost status Damaged status Not for loan Home library Current library Date acquired Full call number Accession Number Price effective from Koha item type
        NASSDOC Library NASSDOC Library 08/10/2004 TB.0078 9777 18/04/2019 Thesis